• 首页
  • 本馆介绍
  • 公告通知
  • 最新文献
  • 馆藏检索
  • 电子资源
  • 读者导购
  • 参考咨询
  • 我的图书馆
  • 登录
  • 详细信息显示
  • 放入我的书架
  • 预约/预借图书
  • 作者相关作品
  • 分类相关作品
  • 丛书相关作品
  • 出版社相关作品

书目信息

  • 表格格式
  • 工作单格式
  • 卡片格式
题名:
智能交通控制理论及其应用
    
 
作者: 刘智勇 著
分册:  
出版信息: 北京   科学出版社  2003
页数: 253页
开本: 26cm
丛书名:
单 册:
中图分类: U491.5
科图分类:
主题词: 道路--交通控制--智能控制
电子资源:
ISBN: 7-03-011258-X
000 00849nam0 2200229 45
001 120002454317
005 20050627171340.1
010    @a7-03-011258-X@b精装@dCNY36.00
100    @a20041229d2003 ekmy0chiy0120 ea
101 0  @achi
102    @aCN@b110000
105    @aa az 000yy
200 1  @a智能交通控制理论及其应用@Azhi neng jiao tong kong zhi li lun ji qi ying yong@f刘智勇著@FLiu Zhi Yong Zhu
210    @a北京@c科学出版社@d2003
215    @a253页@c图@d26cm
300    @a教育部高等学校骨干教师资助计划项目(教技司[2000]65号) 广东省自然科学基金项目(010486)联合资助
330    @a本书介绍了智能交通控制系统的基本概念、基础理论和应用方法,从人工智能及信息融合角度来研究交通控制问题。
606 0  @a道路@x交通控制@x智能控制
690    @aU491.5@v4
701  0 @a刘智勇@4著
801  0 @aCN@bCXYBOOK@c20041229
905    @f5@b358649-653@dU491.5@e94
    
    智能交通控制理论及其应用/刘智勇著.-北京:科学出版社,2003
    253页:图;26cm
    教育部高等学校骨干教师资助计划项目(教技司[2000]65号) 广东省自然科学基金项目(010486)联合资助
    
    ISBN 7-03-011258-X(精装):CNY36.00
    本书介绍了智能交通控制系统的基本概念、基础理论和应用方法,从人工智能及信息融合角度来研究交通控制问题。
●
相关链接 在E读中查询图书 在五车中查询图书 在当当中查询图书 在豆瓣中查询图书


正题名:智能交通控制理论及其应用     索取号:U491.5/94         预约/预借

序号 登录号 条形码 馆藏地/架位号 状态 备注
1 0358649   3586499   第二样本阅览室/ [索取号:U491.5/94] 在馆    
2 0358650   3586505   第三借阅区/ [索取号:U491.5/94] 在馆    
3 0358651   3586514   第三借阅区/ [索取号:U491.5/94] 在馆    
4 0358652   3586523   第三借阅区/ [索取号:U491.5/94] 在馆    
5 0358653   3586532   第三借阅区/ [索取号:U491.5/94] 在馆    
唐山师范学院图书馆 欢迎您!
大连网信软件有限公司© 版权所有